000 01361aab a2200193 i 4500
001 768714001
003 CO-MdFUSB
005 20240424110032.0
008 221011s1996 ag ||||| |||| 00| 0 spa d
040 _bspa
_cCO-MdFUSB
041 _aspa
100 1 _aPadilla, C. René
_eautor
245 1 0 _aMisión y prosperidad
_c/ C. René Padilla
300 _aVolumen 15, número 1 (enero - marzo, 1996), páginas: 4 - 5
_c; 27 cm
520 _aEste nuevo made in USA está hecho a la medida de nuestro tiempo. Es un evangelio que promete lo que hoy la gente en general, condicionada por los valores propios de la época, quiere tener. Desde esta perspectiva, no sorprende que las iglesias que lo adopten se conviertan en "mega iglesias" a corto plazo. La oferta de prosperidad atrae a muchos adeptos en una sociedad consumista donde la persona vale más por lo que tiene que por lo que es. Pero atrae también a cien y miles de personas que, en la ausencia de proyectos politicos de justicia social, recurren a iglesias cuyo mensaje de salud y riquezas por medio de la fe, (¿o de la fe en la fe?) les da la imagen de botes salvavidas en un tormentoso mar de hambre y pobreza.
650 0 _91860
_aTeología de la prosperidad
773 0 _tIglesia y Misión
_049402
_959641
_gVolumen 15, número 1 (enero - marzo, 1996), páginas: 4 - 5
_qpágina: 4
942 _cANA
999 _c52172
_d52172